000 00587nam a2200181 a 4500
003 AM-YEHGA
040 _aAM-YeHGA
090 _c457923
005 20250617160524.0
008 190926s1961 ru d||||r|||| 00| 0 rus||
041 0 _arus
100 1 _aШорин, Павел Матвеевич
245 1 0 _aВторая жизнь машин /
_cП.М. Шорин.
260 _aУльяновск :
_bКн. изд-во,
_c1961.
300 _a23 с. :
_b ил. ;
_c20 см
650 1 4 _aПромышленное оборудование
_xМодернизация
942 _2udc
_cBK
999 _c454925
_d454925